History Quiz

Random History or Year Quiz
Score 0/12 Timer 04:00
3 Plays Today
% Correct
MS Oasis of the Seas
84.2%
RMS Queen Mary 2
76.9%
MS Carnival Liberty
75.3%
RMS Strathaird
74.8%
MS Disney Magic
73.5%
MV Britannia
71.2%
MS AIDAdiva
70.9%
Prinzessin Victoria Luise
59%
RMS Queen Elizabeth 2
57.7%
Club Med 2
55.3%
SS Norway
53.8%
MS Sovereign
50.6%

You're not logged in!

Compare scores with friends on all Sporcle quizzes.
OR
Log In

Sporcle TV

Today on Sporcle TV


Watch our educational content, quiz creation guides, and fun videos on Sporcle TV.

Show Comments

Extras

Top Quizzes Today


Score Distribution

Paid Content

Your Account Isn't Verified!

In order to create a playlist on Sporcle, you need to verify the email address you used during registration. Go to your Sporcle Settings to finish the process.

Report this User

Report this user for behavior that violates our Community Guidelines.

Details: